000 00484nam a2200181Ia 4500
005 20250508150742.0
008 008 250505s9999 xx 000 0 eng d
037 _aTextual
040 _aFEDL
_beng
_cFEDL
041 _aeng
_2eng
084 _a247.5, BER
_qFEDL
100 _aBertram Anthony
_9757537
245 0 _aMichelangelo
260 _aLondon, UK
_bThe Studio Publications
_c1949
300 _a64p.
942 _cTEXL
_h247.5, BER
999 _c1325448
_d1325448